000 00938nam a22002657a 4500
003 OSt
005 20140310181924.0
008 130719t xxu||||| |||| 00| 0 eng d
020 _a7805629234
050 _aNA 7449.F85
_b.X6 2002
082 _aTR 951.07
_bB39 2002
100 _aXiao, Chunlei
_92254
245 _aYang guang xia de diao hua men lou = the carved gateway in the sunshine :
_bWuyi gu min ju de ji yi = a memory of Wuyi ancient residences /
_cXiao Chunlei
250 _a1st ed.
260 _aFuzhou Shi :
_bHai chao she ying yi shu chu,
_cc2002.
300 _a178 p. :
_bcol. : ill. ;
_c22 cm.
521 _aFaculty
541 _j1
562 _e1
650 _aArchitecture, Domestic
_xChina
_xFujian Sheng
_92255
650 _aVernacular architecture
_xChina
_xFujian Sheng
_92256
650 _aGates
_xChina
_xFujian Sheng
_92257
650 _aGateways
_xChina
_xFujian Sheng
_92258
942 _2lcc
_cBK-TR
_kTR
999 _c7136
_d7136